| 000 | 00394 a2200133 4500 | ||
|---|---|---|---|
| 001 | ART_43481 | ||
| 005 | 20260410162024.0 | ||
| 008 | 260409a | ||
| 245 | 1 | 0 | _aIs there a glass ceiling in Sweden? |
| 100 | 1 | _aAlbrecht, James W. | |
| 700 | 1 | _aBjörklund, Anders | |
| 700 | 1 | _aVroman, Susan | |
| 773 | 0 |
_tJournal of labor economics _g- Vol. 21, Nº 1 (ene. 2003) _wREV43438 |
|
| 999 |
_c33401 _d33401 |
||